Fronteras latinoamericanas. Más allá de los límites : tabla de contenidos, número 289, 2020
Gorde:
| Formatua: | Liburua |
|---|---|
| Hizkuntza: | Spanish |
| Etiketak: |
Etiketa erantsi
Etiketarik gabe, Izan zaitez lehena erregistro honi etiketa jartzen!
|
MARC
| LEADER | 00000nam a22000007a 4500 | ||
|---|---|---|---|
| 003 | cru IIS | ||
| 005 | 20220502113320.0 | ||
| 007 | ta | ||
| 008 | 220502s2020 ag |||p|r|||| 00| 0 spa d | ||
| 040 | |c cru IIS | ||
| 245 | 3 | |a Fronteras latinoamericanas. Más allá de los límites : |b tabla de contenidos, número 289, 2020 | |
| 505 | |a Contenido: 1.La derecha chilena en su laberinto / Noam Titelman. -- 2.Racismo y violencia de Estado en Venezuela: entrevista a Keymer Ávila / Elvira Blanco Santini , Alejandro Quryat. -- 3.Sobre la tradición radical negra: entrevista a Angela Davis / Gaye Theresa Johnson, Alex Lubin . -- 4.Las fronteras, los muros y sus agujeros / Haroldo Dilla Alfonso. -- 5.Fronteras y movilidad humana en América Latina / Nanette Liberona Concha. -- 6.La frontera México-Estados Unidos: asimetrías y transgresiones / Alberto Hernández Hernández. -- 7.Las mujeres y las regiones fronterizas latinoamericanas: movilidades, violencias y agencias / Menara Guizardi. -- 8.Las relaciones transfron-terizas indígenas y la (in)utilidad de as fronteras / Gonzalo Álvarez Fuentes. -- 9.La frontera colombo-venezolana: escenarios de conflictos / Mario Valero Martínez -- 10.Fronteras bolivianas: entre el corredor y el laberinto / Bianca De Marchi Moyano. -- 11.Entrar, transitar o vivir en la frontera sur de México / Iván Francisco Porraz Gómez. -- 12.Las fronteras amazónicas: un mundo desconocido / Carlos G. Zárate, Jorge Aponte Motta. -- 13. Ensayo: Walter Benjamin y el destino de una época / Mariana Dimópulos | ||
| 773 | 0 | |0 19022 |9 7037 |a Fundación Friedrich Ebert |d Fundación Friedrich Ebert; Nueva Sociedad Buenos Aires, Argentina |o 22548 |t Nueva Sociedad / | |
| 942 | |2 ddc |c PP | ||
| 999 | |c 44199 |d 44199 | ||
